Song to album - Metallica - Statistics

General Stats
  • This quiz has been taken 505 times
    504 since last reset
  • The average score is 16 of 20
Answer Stats
Question Answer % Correct
One ...And Justice for All
100%
Creeping Death Ride the Lightning
97%
Fade to Black Ride the Lightning
96%
The Four Horsemen Kill 'em All
95%
Harvester of Sorrow ...And Justice for All
94%
Seek and Destroy Kill 'em All
94%
Welcome Home (Sanitarium) Master of Puppets
94%
Sad But True Metallica (Black Album)
92%
Fuel Reload
92%
Whiskey in the Jar Garage Inc.
89%
Damage Inc. Master of Puppets
86%
Broken, Beat and Scarred Death Magnetic
81%
Now that We're Dead Hardwired... to Self-Destruct
77%
Invisible Kid St. Anger
68%
Turn the Page Garage Inc.
67%
Am I Savage? Hardwired... to Self-Destruct
67%
Dirty Window St. Anger
67%
The Unforgiven II Reload
66%
Mama Said Load
59%
No Leaf Clover S&M
57%
No matching quizzes found
Score Distribution
Percent of People with Each Score
Percentile by Number Answered
Your Score History
You have not taken this quiz since the last reset